Fast Typing K - Statistics

General Stats
  • This quiz has been taken 117 times
  • The average score is 201 of 400
Answer Stats
K % Correct
k
98%
k
98%
k
98%
k
98%
k
98%
k
98%
k
98%
k
98%
k
98%
k
98%
k
98%
k
98%
k
98%
k
98%
k
98%
k
98%
k
98%
k
98%
k
98%
k
98%
k
98%
k
98%
k
98%
k
98%
k
98%
k
98%
k
98%
k
98%
k
98%
k
98%
k
98%
k
98%
k
98%
k
98%
k
98%
k
98%
k
98%
k
98%
k
98%
k
98%
k
98%
k
98%
k
98%
k
98%
k
98%
k
98%
k
98%
k
98%
k
98%
k
98%
k
98%
k
98%
k
98%
k
95%
k
95%
k
95%
k
95%
k
95%
k
95%
k
95%
k
95%
k
95%
k
95%
k
95%
k
95%
k
95%
k
95%
k
95%
k
95%
k
95%
k
95%
k
95%
k
95%
k
95%
k
95%
k
95%
k
95%
k
95%
k
95%
k
93%
k
93%
k
93%
k
93%
k
93%
k
93%
k
93%
k
93%
k
90%
k
85%
k
83%
k
80%
k
80%
k
80%
k
80%
k
78%
k
76%
k
76%
k
76%
k
68%
k
68%
k
68%
k
66%
k
66%
k
63%
k
63%
k
63%
k
63%
k
61%
k
59%
k
56%
k
56%
k
56%
k
56%
k
56%
k
56%
k
56%
k
54%
k
54%
k
54%
k
54%
k
51%
k
51%
k
51%
k
51%
k
51%
k
51%
k
51%
k
49%
k
49%
k
49%
k
49%
k
49%
k
49%
k
49%
k
49%
k
49%
k
49%
k
49%
k
49%
k
49%
k
49%
k
46%
k
46%
k
46%
k
46%
k
46%
k
44%
k
44%
k
44%
k
44%
k
44%
k
44%
k
44%
k
44%
k
44%
k
44%
k
44%
k
44%
k
44%
k
44%
k
44%
k
44%
k
44%
k
44%
k
44%
k
44%
k
44%
k
44%
k
44%
k
44%
k
44%
k
44%
k
44%
k
44%
k
44%
k
44%
k
44%
k
44%
k
44%
k
44%
k
44%
k
44%
k
44%
k
44%
k
44%
k
44%
k
44%
k
44%
k
44%
k
44%
k
44%
k
44%
k
44%
k
44%
k
44%
k
44%
k
44%
k
44%
k
44%
k
44%
k
44%
k
44%
k
44%
k
44%
k
44%
k
44%
k
44%
k
44%
k
44%
k
44%
k
44%
k
44%
k
44%
k
44%
k
44%
k
44%
k
41%
k
41%
k
41%
k
41%
k
39%
k
39%
k
39%
k
39%
k
39%
k
39%
k
39%
k
39%
k
39%
k
39%
k
39%
k
39%
k
39%
k
39%
k
39%
k
39%
k
39%
k
39%
k
39%
k
39%
k
39%
k
39%
k
39%
k
39%
k
39%
k
39%
k
39%
k
39%
k
39%
k
39%
k
39%
k
39%
k
39%
k
39%
k
39%
k
39%
k
39%
k
39%
k
39%
k
39%
k
39%
k
39%
k
39%
k
39%
k
39%
k
39%
k
39%
k
39%
k
37%
k
37%
k
37%
k
37%
k
37%
k
37%
k
34%
k
34%
k
34%
k
34%
k
34%
k
34%
k
34%
k
34%
k
34%
k
34%
k
32%
k
32%
k
32%
k
32%
k
29%
k
29%
k
29%
k
29%
k
29%
k
29%
k
29%
k
29%
k
29%
k
27%
k
27%
k
27%
k
27%
k
27%
k
27%
k
27%
k
27%
k
27%
k
27%
k
27%
k
27%
k
27%
k
27%
k
27%
k
27%
k
24%
k
24%
k
24%
k
24%
k
24%
k
24%
k
24%
k
24%
k
24%
k
24%
k
24%
k
24%
k
24%
k
24%
k
24%
k
24%
k
24%
k
24%
k
24%
k
24%
k
24%
k
24%
k
24%
k
24%
k
24%
k
24%
k
24%
k
24%
k
24%
k
24%
k
24%
k
24%
k
24%
k
24%
k
24%
k
22%
k
22%
k
22%
k
22%
k
22%
k
20%
k
20%
k
20%
k
20%
k
20%
k
20%
k
20%
k
20%
k
20%
k
20%
k
20%
k
20%
k
20%
k
17%
k
17%
k
17%
k
17%
k
17%
k
17%
k
17%
k
17%
k
17%
k
17%
k
17%
k
17%
k
17%
k
17%
k
17%
k
17%
k
17%
k
17%
k
17%
k
17%
k
15%
k
15%
k
15%
k
15%
k
15%
k
15%
k
15%
k
15%
k
15%
k
15%
k
15%
k
15%
k
15%
k
15%
No matching quizzes found
Score Distribution
Percent of People with Each Score
Percentile by Number Answered
Your Score History
You have not taken this quiz